Central Library OPAC University of Rajshahi

Aiyar & Anand's law of private defence / (Record no. 46248)

MARC details
000 -LEADER
fixed length control field 00711nam a2200241 a 4500
001 - CONTROL NUMBER
control field 46248
003 - CONTROL NUMBER IDENTIFIER
rucl marc code BD-RjUL
005 - DATE AND TIME OF LATEST TRANSACTION
control field 20211209054127.0
008 - FIXED-LENGTH DATA ELEMENTS--GENERAL INFORMATION
fixed length control field 160801s1964 ii 001 0 eng
035 ## - SYSTEM CONTROL NUMBER
System control number (BD-RjUL)46366
040 ## - CATALOGING SOURCE
Original cataloging agency DLC
Transcribing agency GUB
Modifying agency GUB
-- OCLCG
-- DLC
-- BD-RjUL
Language of cataloging eng
041 ## - LANGUAGE CODE
Language code of text/sound track or separate title eng
082 ## - DEWEY DECIMAL CLASSIFICATION NUMBER
Edition number 23
Classification number 345.40554
Author mark and year AIY 1964
245 10 - TITLE STATEMENT
Title Aiyar & Anand's law of private defence /
Statement of responsibility, etc. thoroughly revised by C.U. Menon.
250 ## - EDITION STATEMENT
Edition statement 2nd ed.
260 ## - PUBLICATION, DISTRIBUTION, ETC. (IMPRINT)
Place of publication, distribution, etc. Allahabad :
Name of publisher, distributor, etc. Law Book Co.,
Date of publication, distribution, etc. 1964.
300 ## - PHYSICAL DESCRIPTION
Pagination xl, 558 p. ;
Size 25 cm.
500 ## - GENERAL NOTE
General note Includes Index
650 #0 - SUBJECT ADDED ENTRY--TOPICAL TERM
Topical term or geographic name as entry element Self-defense (Law)
9 (RLIN) 141264
Topical term or geographic name as entry element Self-defense (Law)
Geographic subdivision India.
9 (RLIN) 141265
700 1# - ADDED ENTRY--PERSONAL NAME
Personal name Menon, C. U.
942 ## - ADDED ENTRY ELEMENTS (KOHA)
Source of classification or shelving scheme Dewey Decimal Classification
Koha item type Books
Holdings
Lost status Source of classification or shelving scheme Damaged status Not for loan Collection code Permanent Location Current Location Shelving location Date acquired Source of acquisition Cost, normal purchase price Total Checkouts Full call number Date last seen Copy number Koha item type
  Dewey Decimal Classification     Non-fiction Central Library, University of Rajshahi Central Library, University of Rajshahi   28/05/1964 Pakistan law house 12.50   345.40554 AIY 1964 01/08/2016 C-2 Books